Minería (Record no. 128795)

MARC details
000 -LEADER
campo de control de longitud fija 00729nam a2200217 i 4500
001 - NÚMERO DE CONTROL
campo de control 128795
003 - IDENTIFICADOR DE NÚMERO DE CONTROL
campo de control ES-MaACL
005 - FECHA Y HORA DE LA ÚLTIMA TRANSACCIÓN
campo de control 20230906193349.0
007 - CAMPO FIJO DE DESCRIPCIÓN FÍSICA--INFORMACIÓN GENERAL
campo de control de longitud fija t|
008 - DATOS DE LONGITUD FIJA--INFORMACIÓN GENERAL
campo de control de longitud fija 070525s1981 sp ||||1| spa d
080 ## - NÚMERO DE LA CLASIFICACIÓN DECIMAL UNIVERSAL
Número de la Clasificación Decimal Universal 662(02)
100 1# - ENTRADA PRINCIPAL--NOMBRE DE PERSONA
Nombre de persona Taton, Robert.
9 (RLIN) 109395
245 10 - MENCIÓN DEL TÍTULO
Título Minería
Resto del título : topografía subterránea, galerías, túneles, subsuelo /
Mención de responsabilidad, etc. Robert Taton ; traducción de Valero Guillén Parro y Mª Mercedes Garrido Bueso.
250 ## - MENCION DE EDICION
Mención de edición 3ª ed.
260 ## - PUBLICACIÓN, DISTRIBUCIÓN, ETC.
Lugar de publicación, distribución, etc. Madrid :
Nombre del editor, distribuidor, etc. Paraninfo,
Fecha de publicación, distribución, etc. 1981.
300 ## - DESCRIPCIÓN FÍSICA
Extensión 190 p. :
Otras características físicas il. ;
Dimensiones 21 cm.
650 #4 - PUNTO DE ACCESO ADICIONAL DE MATERIA--TÉRMINO DE MATERIA
Término de materia o nombre geográfico como elemento de entrada Topografía minera.
9 (RLIN) 162215
700 1# - ENTRADA AGREGADA--NOMBRE PERSONAL
Nombre de persona Guillén Parro, Valero.
9 (RLIN) 60789
700 1# - ENTRADA AGREGADA--NOMBRE PERSONAL
Nombre de persona Garrido Bueso, María Mercedes.
9 (RLIN) 55689
852 ## - LOCALIZACIÓN
Ubicación ES-MaACL
Número de control de estantería G-3495
Sublocalización o colección R.114589
Holdings
Estatus retirado Estado de pérdida Estado de daño No para préstamo Biblioteca de origen Biblioteca actual Ubicación en estantería Fecha de adquisición Fuente de adquisición Total de préstamos Signatura topográfica completa Código de barras Visto por última vez Precio de reemplazo Tipo de ítem Koha
        Biblioteca del Ateneo de Madrid Biblioteca del Ateneo de Madrid Depósito 2 17/01/2008     G-3495 1134129 23/02/2023 23/02/2023 Libro impreso